000 00500nam a2200181Ia 4500
999 _c28446
_d28446
003 OSt
005 20210407112008.0
008 190216s9999||||xx |||||||||||||| ||und||
020 _a9798130001547
040 _coclc
082 _a894.812301
_bURO/R
100 _aUroob
_96421
245 0 _aRiserve Cheyyatha Berth /
_cUroob
260 _bPoorna Publications,
_aKozhikode:
300 _a124p
650 _aKathakal
942 _cBK
_2ddc
_h894.812301
_iURO/R
_k894.812301
_mURO/R